000 00927nam0a22002771 4500
001 rc\3411848
005 20130115140440.8
021 _aRU
_b[74-99667]
035 _a(NLR Aleph) 007552374
090 _a5215360
_c5215360
100 _a20130115d1974 |||y0rusy50 ca
101 0 _arus
102 _aRU
105 _aa z |||a|
200 1 _aЖивые капли
_e[Рассказы
_fИл.: С. Салаватов]
210 _aМахачкала
_cДаг. кн. изд-во
_d1974
215 _a96 с.
_cил.
_d17
327 0 _aРазделы: Живые капли; Пинок за два рубля
464 0 _12001#$aЖивые капли$aПинок за два рубля
700 1 _aРаджабов
_bА. Р.
_f1924-
_gАбдул Раджабович
702 1 _aСалаватов
_bС.
_4440
801 0 _aRU
_bNLR
_gpsbo
801 1 _aRU
_bELAR
_2rusmarc
852 _aNLR
_j74-2/2750
942 _cBOOK
980 _aNB